Statistiken für Deutsche Geschichte - März

Klicken Sie hier um das Quiz zu spielen!

Allgemein

  • Dieses Quiz wurde 103 mal gespielt
  • Das Durchschnittsergebnis liegt bei 14 aus 31

Antwortstatistiken

TagJahrFrageAntwort% Korrekt
11815Dieser französische Herrscher kehrt aus seinem Exil auf Elba zurückNNapoleon Bonaparte
100%
111812Friedrich Wilhelm III. gewährt dieser Minderheit die GleichstellungJJuden
82%
201890Dieser Eiserne Kanzler wird als Reichskanzler entlassen. Leo von Caprivi tritt seine Nachfolge anBOtto von Bismarck
80%
91848Der Bundestag (Deutscher Bund) erklärt diese Farben zu den BundesfarbenSSchwarz-Rot-Gold
80%
211933Heinrich Himmler gibt in München die Fertigstellung dieses Konzentrationslagers bekanntDKZ {Dachau}
77%
191452Dieser römisch-deutsche König wird in Rom von Papst Nikolaus V. gekrönt
Es handelt sich dabei um die letzte Kaiserkrönung in Rom
FFriedrich III.
76%
241756Friedrich II. erlässt einen von mehreren Befehlen zur Anpflanzung dieses "Erd-Gewächses"KKartoffel
71%
162018Der bayerische Landtag wählt diesen CSU-Politiker zum MinisterpräsidentenSMarkus Söder
71%
251957Benelux, Deutschland, Frankreich und Italien gründen in Rom die EWG ein Vorgänger dieser OrganisationEEuropäische Union
70%
231966Dieser Bundeskanzler wird zwei Tage nach Konrad Adenauers Rücktritt zum CDU-Parteivorsitzenden gewähltELudwig Erhard
70%
61983Diese Partei zieht zum ersten Mal in den Bundestag einDDie Grünen
63%
1544. v.Chr.Dieser römische Feldherr der 10 Jahre zuvor den Rhein überquerte wird in Rom ermordetCGaius Iulius Caesar
63%
281969Dieser US-amerikanische General a.D. und Ex-Präsident stirbt
Er war Oberbefehlshaber der alliierten Streitkräfte in Europa während des Zweiten Weltkriegs
EDwight D. Eisenhower
58%
312016Dieser FDP-Politiker, Außenminister (1974-92) und stellv. Bundeskanzler (1974-92) stirbt in der Nähe von BonnGHans-Dietrich Genscher
46%
131848Dieser österreichische Staatskanzler aus Koblenz tritt während der Märzrevolution von seinem Amt zurückMKlemens von Metternich
39%
51460Dieser dänische König wird durch den Vertrag von Ripen auch Herrscher der (zuvor schauenburgischen) Herzogtümer Schleswig und HolsteinCChristian I.
36%
81951In Deutschland wird diese Polizei des Bundes gegründet
Ihre Aufgabe ist die Ermittlung von nationalen und schwerwiegenden Verbrechen
BBundeskriminalamt
33%
71945Amerikanische Soldaten erobern diese strategisch wichtige und unzerstörte Brücke bei Bonn und überqueren den RheinL|R{Ludendorff}-Brücke |
Brücke von {Remagen}
31%
171813Im Aufruf An Mein Volk ruft dieser preußische König zum Kampf gegen die französischen Besatzer aufFFriedrich Wilhelm III.
30%
181848Während der Märzrevolution kommt es in Berlin zu bewaffneten Auseinandersetzungen nachdem dieser preußische König die Aufhebung der Zensur und die Einführung einer Verfassung bekannt gabFFriedrich Wilhelm IV.
30%
121920Unter Leitung von General Walther von Lüttwitz beginnt dieser PutschK{Kapp}-Putsch
25%
101945Die Wehrmacht sprengt in dieser niederrheinischen Stadt die letzte Rheinbrücke unter deutscher KontrolleWWesel
24%
31918Deutschland schließt diesen Separatfrieden mit SowjetrußlandBFriedensvertrag von {Brest-Litowsk}
20%
41867Dem Parlament dieses Staates (der noch ein als Augustbündnis bezeichnetes Militärbündnis darstellt) wird seine zukünftige Verfassung zur Beratung vorgelegtNNorddeutscher Bund
19%
261872Diese Sozialdemokraten werden wegen Hochverrats zu zwei Jahren Festungshaft (auch Ehrenhaft genannt und verbunden mit weitgehenden Rechten für den Gefangenen) verurteilt
Info zur Festungshaft in Preußen
Nenne den einen oder den anderen
B|LAugust Bebel |
Wilhelm Liebknecht
18%
22010Das Bundesverfassungsgericht beurteilt dieses kriminalpolitische Instrument in seiner damaligen Form als verfassungswidrigVVorratsdatenspeicherung
14%
221920Dieser sozialdemokratische Reichswehrminister muss aufgrund vermeintlicher Unterstützung des 10 Tage zuvor von General Walther von Lüttwitz initiierten Putsches zurücktretenNGustav Noske
8%
141920In diesem Abstimmungsgebiet stimmt eine Mehrheit (80,2%) für den Verbleib beim Deutschen Reich. Eine Minderheit (19,8%) stimmt für den Beitritt zu DänemarkMMittelschleswig
8%
301847Der preußische König erhöht die religiöse Freiheit seiner Untertanen mit diesem EdiktT{Toleranz}edikt
7%
271933In Braunschweig nutzen die Nationalsozialisten einen vermeintlichen Putsch als Vorwand um diese paramilitärische Organisation auszuschaltenSStahlhelm
4%
291925Beim Ersten Wahlgang der Reichspäsidentenwahl kriegt dieser DVP-Politiker die meisten StimmenJKarl Jarres
2%

Verteilung der Resultate

Perzentil nach korrekt beantworteten Fragen

Anzahl Personen mit jedem Resultat

Ihre Resultats-Entwicklung

Sie haben dieses Quiz noch nicht gespielt